| 000 -LEADER |
| fixed length control field |
00851cam a22002178i 4500 |
| 001 - CONTROL NUMBER |
| control field |
20640053 |
| 005 - DATE AND TIME OF LATEST TRANSACTION |
| control field |
20220121125743.0 |
| 008 - FIXED-LENGTH DATA ELEMENTS--GENERAL INFORMATION |
| fixed length control field |
180723s2019 enk b 001 0 eng c |
| 020 ## - INTERNATIONAL STANDARD BOOK NUMBER |
| International Standard Book Number |
9781138220645 |
| 041 ## - LANGUAGE CODE |
| Language code of text/sound track or separate title |
eng |
| 080 ## - UNIVERSAL DECIMAL CLASSIFICATION NUMBER |
| Universal Decimal Classification number |
372 W-68 |
| 100 1# - MAIN ENTRY--PERSONAL NAME |
| Personal name |
Wilson, Teresa |
| 9 (RLIN) |
13423 |
| 245 10 - TITLE STATEMENT |
| Title |
How to develop partnerships with parents : |
| Remainder of title |
a practical guide for the early years / |
| Statement of responsibility, etc. |
Teresa Wilson. |
| 264 #1 - PRODUCTION, PUBLICATION, DISTRIBUTION, MANUFACTURE, AND COPYRIGHT NOTICE |
| Place of production, publication, distribution, manufacture |
London : |
| Name of producer, publisher, distributor, manufacturer |
Routledge, |
| Date of production, publication, distribution, manufacture, or copyright notice |
2019. |
| 300 ## - PHYSICAL DESCRIPTION |
| Extent |
192 pages ж |
| Other physical details |
30 cm. |
| 653 ## - INDEX TERM--UNCONTROLLED |
| keyword |
როგორ განვავითაროთ პარტნიორული ურთიერთობა მშობლებთან |
| 653 ## - INDEX TERM--UNCONTROLLED |
| keyword |
Как развивать партнерские отношения с родителями |
| 653 ## - INDEX TERM--UNCONTROLLED |
| keyword |
პედაგოგიკა |
| 653 ## - INDEX TERM--UNCONTROLLED |
| keyword |
Педагогика |
| 942 ## - ADDED ENTRY ELEMENTS (KOHA) |
| Source of classification or shelving scheme |
|
| Koha item type |
წიგნი |